000 00736 a2200253 4500
999 _c12969
_d12969
003 OSt
005 20240906160003.0
008 240906b ||||| |||| 00| 0 eng d
020 _a9789384204181
040 _aBMSCA
100 _aCouncil of Architecture
245 _aArchiving architectural thesis 2021
260 _bCouncil of Architecture
_aNew Delhi
_c2023
300 _a146 pages;
_c35 cm
650 _2Architectural Thesis
_aArchitectural Thesis
_zArchitectural Thesis
700 _aDeshpande, Jayashree
700 _aUkidve, Manjusha
700 _aKabir, Fatema
700 _aSyed, Asif
700 _aVaidya, Chinmayee
700 _aRunwal, Yash
700 _aAayojan School of Architecture & Design
942 _2ddc